Derecho Civil: teoría de las obligaciones
Gespeichert in:
| 1. Verfasser: | |
|---|---|
| Format: | Buch |
| Sprache: | Spanisch |
| Veröffentlicht: |
Santiago
Jurídica Ediar-ConoSur
1988
|
| Schlagworte: | |
| Tags: |
Tag hinzufügen
Keine Tags, Fügen Sie den ersten Tag hinzu!
|
MARC
| LEADER | 00000nam a2200000 a 4500 | ||
|---|---|---|---|
| 001 | UCV0597 | ||
| 003 | CL-VaPUC | ||
| 008 | 881207e19880000CL |||||||||||||||||spa|d | ||
| 082 | 0 | 4 | |a 346.02 |b ALE |2 21 |
| 100 | |a Alessandri Rodríguez, Arturo |e autor |9 605353 | ||
| 245 | 1 | 0 | |a Derecho Civil: teoría de las obligaciones |
| 300 | |a 582 p | ||
| 942 | |c BK | ||
| 945 | |d 19881207 00:00:00 | ||
| 260 | |a Santiago |b Jurídica Ediar-ConoSur |c 1988 | ||
| 650 | 7 | |a DERECHO Y OBLIGACIONES |2 CL-VaPUC |9 255416 | |
| 583 | |a last modification |c 19881207 00:00:00 |k Rodrigo Vera | ||
| 999 | |c 208976 |d 208974 | ||
| 952 | |0 0 |1 0 |4 0 |6 346_020000000000000_ALE_1988 |7 0 |8 A |9 184038 |a BIBDER |b BIBDER |d 2019-11-14 |i 2510251 |l 7 |m 2 |o 346.02 ALE 1988 |p 2510251 |r 2025-01-21 |s 2025-01-21 |w 2019-11-14 |y BK |k DER | ||